| 000 | 00348nam a22001577a 4500 | ||
|---|---|---|---|
| 003 | SGT | ||
| 020 | _a9789356960848 | ||
| 082 |
_a612 _bR23S |
||
| 100 | _aSEMBULINGAM, K. | ||
| 245 | _aREVIEW OF MEDICAL PHYSIOLOGY | ||
| 250 | _a4TH | ||
| 260 |
_aINDIA _bJAYPEE PUB _c2023 |
||
| 300 | _a205 | ||
| 650 | _aHUMAN PHYSIOLOGY | ||
| 942 |
_2ddc _cBK _062 |
||
| 999 |
_c23743 _d23743 |
||